Reprezentacje CAF, które wystąpiły na Mistrzostwach Świata - Statystyki

Ogólne statystyki
  • Ten quiz został rozwiązany 41 razy
  • Średni wynik to 12 z 13
Statystyki odpowiedzi
Ile razy? W jakich latach? Najlepszy wynik Reprezentacja % Poprawnych
3 1934, 1990, 2018 1/8 finału Egipt
100%
4 1982, 1986, 2010, 2014 1/8 finału Algieria
97%
8 1982, 1990, 1994, 1998, 2002, 2010, 2014, 2022 Ćwierćfinał Kamerun
97%
6 1970, 1986, 1994, 1998, 2018, 2022 4. miejsce Maroko
97%
6 1994, 1998, 2002, 2010, 2014, 2018 1/8 finału Nigeria
97%
3 2002, 2018, 2022 Ćwierćfinał Senegal
97%
3 1998, 2002, 2010 Faza grupowa Republika Południowej Afryki
94%
3 2006, 2010, 2014 Faza grupowa Wybrzeże Kości Słoniowej
94%
4 2006, 2010, 2014, 2022 Ćwierćfinał Ghana
91%
6 1978, 1998, 2002, 2006, 2018, 2022 Faza grupowa Tunezja
91%
1 2006 Faza grupowa Togo
83%
1 1974 Faza grupowa Demokratyczna Republika Konga (jako Zair)
80%
1 2006 Faza grupowa Angola
77%
Nie znaleziono quizów pasujących do podanych kryteriów
Rozkład punktacji
Procent ludzi z każdym wynikiem
Percentyl według liczby udzielonych odpowiedzi
Twoja historia wyników
Nie rozwiązałeś tego quizu